[Event "JUG-chT"]
[Site "Igalo"]
[Date "1994.??.??"]
[Round "?"]
[White "Simic, Radoslav"]
[Black "Nikcevic, Nebojsa"]
[Result "1-0"]
[WhiteElo "2490"]
[BlackElo "2470"]

1.g3 e5 2.c4 f5 3.Bg2 Nf6 4.Nc3 Bb4 5.Nf3 Bxc3 6.bxc3 d6 7.O-O O-O 8.d4 e4
9.Nd2 Re8 10.Re1 Nbd7 11.Qc2 Nf8 12.f3 Qe7 13.fxe4 fxe4 14.Nf1 Qf7 15.Ne3 Qh5
16.Rb1 b6 17.Rf1 Bh3 18.Rxf6 gxf6 19.Nd5 Qf5 20.Bxh3 Qxh3 21.Nxc7 Rac8 22.Nxe8 Rxe8
23.Bf4 Qe6 24.Qa4 Re7 25.Qc6 Rd7 26.Bh6 Ng6 27.c5 Kf7 28.cxb6 axb6 29.Rxb6 Ne7
30.Qb5 Kg6 31.Bd2 e3 32.Bc1 Nd5 33.Qd3+ Qf5 34.Qxf5+ Kxf5 35.Rb3 Rc7 36.Bb2 Ke4
37.a4 f5 38.Rb8 Nxc3 39.Re8+ Kxd4 40.Kg2 Kc4 41.Bxc3 Kxc3 42.Rxe3+ Kd2 43.Kf3 Ra7
44.Rd3+ Ke1 45.Rd4 Ra5 46.e3 Ra7 47.Rxd6 Rxa4 48.Rd5 Ra2 49.Rxf5 Rxh2 50.e4 Kd2
51.Rd5+ Kc3 52.e5 Kc4 53.e6  1-0

[Event "IND-ch"]
[Site "?"]
[Date "1994.??.??"]
[Round "3"]
[White "Koshy, Varugeese"]
[Black "Muralidharan, MB."]
[Result "1/2-1/2"]
[WhiteElo "2415"]
[BlackElo "2420"]

1.c4 e5 2.g3 Nc6 3.Bg2 g6 4.Nc3 Bg7 5.e4 d6 6.d3 f5 7.Nge2 Nf6 8.O-O fxe4
9.dxe4 O-O 10.h3 Be6 11.Nd5 Nd4 12.Nxd4 exd4 13.b3 c6 14.Nf4 Bd7 15.Bb2 c5
16.Qd3 Rb8 17.b4 Re8 18.b5 Be6 19.a4 Kh8 20.Bc1 Bf7 21.Bd2  1/2-1/2

[Event "Isle of Man op"]
[Site "Isle of Man"]
[Date "1994.??.??"]
[Round "1"]
[White "Sher, Miron N"]
[Black "Gayson, Peter"]
[Result "1-0"]
[WhiteElo "2520"]
[BlackElo "2255"]

1.c4 e5 2.g3 d6 3.Nc3 f5 4.d4 Be7 5.Bg2 Nf6 6.Nf3 e4 7.Ng1 O-O 8.f3 exf3
9.Bxf3 c6 10.Nh3 Na6 11.O-O Nc7 12.Nf4 Qe8 13.h4 Ne6 14.Kg2 Nxf4+ 15.Bxf4 Nh5
16.e3 Nf6 17.Qd3 Bd7 18.Rae1 Qg6 19.b4 Rae8 20.a4 Ng4 21.Rh1 h5 22.Re2 Kh8
23.e4 fxe4 24.Bxe4 Bf5 25.Bxf5 Rxf5 26.Rhe1 Qf7 27.Rxe7 Rxe7 28.Rxe7 Qxe7
29.Qxf5 Qe1 30.Qxh5+ Kg8 31.Qxg4 Qxc3 32.Qe6+  1-0

[Event "Isle of Man op"]
[Site "Isle of Man"]
[Date "1994.??.??"]
[Round "9"]
[White "Wolstencroft, Darryl"]
[Black "Flear, Christine"]
[Result "1/2-1/2"]
[WhiteElo "2180"]
[BlackElo "2175"]

1.c4 e5 2.g3 Nc6 3.Bg2 g6 4.Nc3 Bg7 5.d3 d6 6.e4 Nge7 7.Nge2 O-O 8.O-O f5
9.Be3 Nd4 10.f4 c6 11.Qd2 Be6 12.fxe5 dxe5 13.Bg5 Bf6 14.Bxf6 Rxf6 15.exf5 Rxf5
16.Ne4 Nxe2+ 17.Qxe2 Qd4+ 18.Kh1 Rd8 19.Bh3 Rxf1+ 20.Qxf1 Bf5 21.Bxf5 Nxf5
22.g4 Ne3 23.Qf6 Qxd3 24.Qe6+ Kf8 25.Qf6+ Kg8  1/2-1/2

[Event "JUG-chT2"]
[Site "?"]
[Date "1994.??.??"]
[Round "2"]
[White "Raicevic, Momcilo"]
[Black "Krnic, Zdenko"]
[Result "0-1"]
[WhiteElo "2355"]
[BlackElo "2425"]

1.c4 e5 2.g3 Nc6 3.Bg2 f5 4.Nc3 Nf6 5.e3 g6 6.d4 e4 7.f3 Bb4 8.Ne2 exf3 9.Bxf3 O-O
10.O-O Re8 11.c5 Bxc3 12.Nxc3 Kg7 13.b4 d5 14.cxd6 cxd6 15.b5 Na5 16.Rb1 d5
17.Be2 b6 18.Qe1 Bb7 19.Qf2 Rc8 20.Bd2 Nc4 21.Bxc4 dxc4 22.h3 Ne4 23.Nxe4 Rxe4
24.Rbc1 Qd5 25.Kh2 h5 26.a4 Qd6 27.Rg1 Bd5 28.a5 h4 29.axb6 axb6 30.Rc3 Rh8
31.Ra1 Re7  0-1

[Event "JUG-chT2"]
[Site "?"]
[Date "1994.??.??"]
[Round "4"]
[White "Spasojevic, Zoran"]
[Black "Savanovic, Aleksandar"]
[Result "0-1"]
[WhiteElo "2290"]
[BlackElo "2335"]

1.c4 e5 2.g3 Nf6 3.Bg2 d5 4.cxd5 Nxd5 5.Nc3 Nb6 6.Nf3 Nc6 7.O-O Be7 8.d3 O-O
9.Be3 Re8 10.Rc1 Bf8 11.Na4 Nd4 12.Nc5 Nxf3+ 13.Bxf3 c6 14.Qb3 Be6 15.Nxe6 Rxe6
16.a4 Qc7 17.Rc2 Rae8 18.Rfc1 Nc8 19.Bg4 Rg6 20.Bxc8 Qxc8 21.Bxa7 Qh3 22.e4 Ree6
23.Be3 h5 24.Qc3 h4 25.Qe1 Ref6 26.Qf1 Qe6 27.Qe2 Qh3 28.Qf1 Qe6 29.Kg2 Qg4
30.Qe2 Rf3 31.h3 Rxg3+  0-1

[Event "JUG-chT2"]
[Site "?"]
[Date "1994.??.??"]
[Round "5"]
[White "Raicevic, Momcilo"]
[Black "Jakovljevic, Milan"]
[Result "0-1"]
[WhiteElo "2355"]
[BlackElo "2340"]

1.c4 e5 2.g3 Nc6 3.Bg2 Nf6 4.Nf3 Bc5 5.O-O d6 6.a3 a5 7.Nc3 O-O 8.e3 Bb6
9.Nd5 Nxd5 10.cxd5 Ne7 11.d4 exd4 12.Nxd4 Nf5 13.Ne2 Ne7 14.Nc3 Bd7 15.h3 Re8
16.Kh2 Ng6 17.b3 Qg5 18.e4 Qf6 19.Qc2 Bd4 20.Bb2 Nf4 21.e5 Rxe5 22.gxf4 Qxf4+
23.Kh1 Bxh3 24.Ne2 Qh4 25.Qd2 Rh5 26.Ng3 Bg4+ 27.Kg1 Qxg3  0-1

[Event "JUG-chT2"]
[Site "?"]
[Date "1994.??.??"]
[Round "9"]
[White "Jovic, Aleksandar"]
[Black "Tesic, Dragan"]
[Result "1/2-1/2"]
[WhiteElo "2370"]
[BlackElo "2305"]

1.c4 e5 2.g3 Nc6 3.Bg2 g6 4.Nc3 Bg7 5.e3 d6 6.Nge2 Be6 7.Nd5 Nf6 8.d4 exd4
9.exd4 Bxd5 10.cxd5 Ne7 11.Qb3 Rb8 12.Qa4+ Qd7 13.Qxa7 O-O 14.Qa5 Ra8  1/2-1/2

[Event "JUG-chT"]
[Site "JUG"]
[Date "1994.??.??"]
[Round "9"]
[White "Todorcevic, Miodrag"]
[Black "Popovic, Petar"]
[Result "0-1"]
[WhiteElo "2505"]
[BlackElo "2525"]

1.g3 e5 2.c4 c6 3.Bg2 d5 4.cxd5 cxd5 5.d3 Nc6 6.Nf3 Nf6 7.O-O Be7 8.Bg5 O-O
9.Nc3 Be6 10.a3 h6 11.Bd2 Rb8 12.Rc1 Qd7 13.Na4 Bh3 14.b4 e4 15.Ne1 Nd4 16.Nc5 Bxc5
17.bxc5 Rfe8 18.Be3 exd3 19.Qxd3 Nc6 20.Bf4 Rbd8 21.Nf3 d4 22.Rfd1 Bxg2 23.Kxg2 Qd5
24.h3 Ne4 25.Rc2 Nxc5 26.Qb5 b6 27.Rdc1 Qe4 28.Bc7 Rc8 29.Bd6 d3 30.Rc4 Qxe2
31.Bf4 Qe6 32.Be3 Ne5 33.Nxe5 Qxe5 34.Bxc5 Qd5+ 35.Kh2 d2 36.Rd1 bxc5 37.Rc2 Re1  0-1

[Event "Kassel op"]
[Site "Kassel"]
[Date "1994.??.??"]
[Round "5"]
[White "Reschke, Thomas"]
[Black "Bode, Wilfried"]
[Result "1/2-1/2"]
[WhiteElo "2225"]
[BlackElo "2390"]

1.c4 e5 2.g3 Nc6 3.Bg2 g6 4.Nc3 Bg7 5.e4 d6 6.Nge2 Nge7 7.d3 O-O 8.O-O f5
9.Rb1 Be6 10.Nd5 Qd7 11.b4 Nc8 12.b5 Nd8 13.exf5 gxf5 14.f4  1/2-1/2

[Event "Kurgan"]
[Site "Kurgan"]
[Date "1994.??.??"]
[Round "3"]
[White "Chuprov, A."]
[Black "Pugachov, Alexey"]
[Result "1/2-1/2"]
[WhiteElo "2410"]
[BlackElo "2470"]

1.c4 e5 2.g3 Nf6 3.Bg2 Nc6 4.Nc3 Bb4 5.Nd5 Bd6 6.e3 O-O 7.Ne2 Re8 8.O-O Bf8
9.d4 d6 10.Nxf6+ Qxf6 11.d5 Nb8 12.e4 a5 13.Be3 Nd7 14.a3 h5 15.b4 h4 16.Nc3 Qd8
17.Bh3 Nf6 18.Bxc8 Qxc8 19.Kg2 Ng4 20.Bd2 axb4 21.axb4 Rxa1 22.Qxa1 f5 23.f3 Nf6
24.Bg5 Nh7 25.Be3 Nf6 26.Bg5 Nh7 27.Be3 Nf6  1/2-1/2

[Event "Leeuwarden op"]
[Site "Leeuwarden"]
[Date "1994.??.??"]
[Round "2"]
[White "Loeffler, Stefan"]
[Black "Van der Wiel, John TH"]
[Result "0-1"]
[WhiteElo "2420"]
[BlackElo "2555"]

1.c4 e5 2.g3 Nf6 3.Bg2 c6 4.Nf3 e4 5.Nd4 d5 6.cxd5 Qxd5 7.Nc2 Qh5 8.h3 Qg6
9.Nc3 Bd6 10.Ne3 O-O 11.Nc4 Bc7 12.b3 Re8 13.Qc2 Na6 14.O-O Nb4 15.Qb1 Nbd5
16.e3 Nxc3 17.dxc3 h5 18.h4 Bf5 19.a4 Rad8 20.Ba3 Qg4 21.Qc2 b5 22.Nb2 g5
23.hxg5 Nh7 24.Rfd1 Nxg5 25.Rxd8 Rxd8 26.Rd1 Nf3+ 27.Kf1 Re8 28.Bd6 Bxd6
29.Rxd6 h4 30.axb5 cxb5 31.Qe2 Nh2+ 32.Ke1 Qxe2+ 33.Kxe2 h3 34.Bh1 Bg4+ 35.Ke1 Kg7
36.f4 Bf3 37.Bxf3 Nxf3+ 38.Kf2 Rh8 39.Rd1 h2 40.Kg2 Ng1  0-1

[Event "Lenk op"]
[Site "Lenk"]
[Date "1994.??.??"]
[Round "2"]
[White "Csom, Istvan"]
[Black "Werner, Veronika"]
[Result "1-0"]
[WhiteElo "2405"]
[BlackElo "2205"]

1.c4 e5 2.g3 d6 3.Bg2 f5 4.Nc3 Nf6 5.d3 c6 6.e4 g6 7.Nge2 Bg7 8.O-O O-O 9.b3 Be6
10.exf5 Bxf5 11.d4 Qc7 12.h3 Na6 13.Be3 Rae8 14.Qd2 exd4 15.Nxd4 Ne4 16.Nxe4 Bxe4
17.f3 Bf5 18.Rad1 Bc8 19.Bf2 Nc5 20.Rfe1 a5 21.f4 Kh8 22.Re2 a4 23.b4 Ne6
24.Rde1 Qf7 25.Nf3 Bf6 26.Qxd6 Rd8 27.Qb8 Nc7 28.Ne5 Qg7 29.Qa7 Na6 30.a3 Bf5
31.b5 cxb5 32.cxb5 Nc7 33.Qxa4 Nd5 34.Qb3 Nc7 35.a4 Be6 36.Qc2 Bd5 37.b6 Na6
38.Bxd5 Rxd5 39.Qc4 Rdd8 40.Ng4 Rd7  1-0

[Event "Liechtenstein op"]
[Site "Liechtenstein"]
[Date "1994.??.??"]
[Round "5"]
[White "Usachyi, Mark"]
[Black "Medunova, Vera"]
[Result "1/2-1/2"]
[WhiteElo "2320"]
[BlackElo "2120"]

1.c4 e5 2.g3 c6 3.Bg2 d5 4.cxd5 cxd5 5.Qb3 Nf6 6.Nc3 Nc6 7.Nxd5 Nd4 8.Nxf6+ gxf6
9.Qd1 Qc7 10.Kf1 Nc2 11.Rb1 Be6 12.b3 Rc8 13.Bb2 Ba3 14.Bc3 Nb4 15.Bxb4 Bxb4
16.Nf3 Qc2 17.Ne1 Qxa2 18.Bxb7 Rc7 19.Be4 Qxd2 20.Qxd2 Bxd2 21.e3 Ke7 22.Ke2 Bc3
23.Nf3 f5 24.Bc2 Bb4 25.Rb2 Rhc8 26.Bd1 Kf6 27.Nd2 Rd8 28.f3 Rcd7 29.Nb1 Bd5
30.Kf2 f4 31.exf4 exf4 32.Be2 Bc5+ 33.Kg2 Be3 34.Nc3 Bb7 35.Ne4+ Ke5 36.Ra1 Bxe4
37.fxe4 Kxe4 38.Ra4+ Kf5 39.Kf3 Rd2  1/2-1/2

[Event "Litomysl op"]
[Site "Litomysl"]
[Date "1994.??.??"]
[Round "?"]
[White "Biolek, Richard"]
[Black "Pakosta, Stanislav"]
[Result "1-0"]
[WhiteElo "2425"]
[BlackElo "2195"]

1.c4 e5 2.g3 f5 3.d4 e4 4.h4 Nf6 5.Nh3 c6 6.Bf4 Na6 7.Nc3 Be7 8.e3 d6 9.a3 Nc7
10.d5 a5 11.Be2 O-O 12.O-O cxd5 13.cxd5 h6 14.Kg2 Bd7 15.b4 Na6 16.Rb1 axb4
17.axb4 Rc8 18.Qd2 Ng4 19.Bxg4 fxg4 20.Ng1 g5 21.hxg5 hxg5 22.Nge2 gxf4 23.gxf4 Rc4
24.b5 Nc5 25.Qa2 Rxc3 26.Nxc3 Bf6 27.Ne2 Qe8 28.Qc4 Qg6 29.Ng3 Ra8 30.Rh1 b6
31.Rh5 Ra5 32.f5 Qe8 33.Qe2 Qf7 34.Rbh1 Kf8 35.Qxg4 Qxd5 36.Rh8+  1-0

[Event "Ljubljana op"]
[Site "Ljubljana"]
[Date "1994.??.??"]
[Round "?"]
[White "Sher, Miron N"]
[Black "Stimec, A."]
[Result "1-0"]
[WhiteElo "2520"]
[BlackElo "2150"]

1.c4 e5 2.g3 Nf6 3.Bg2 c6 4.d4 Be7 5.dxe5 Qa5+ 6.Nc3 Qxe5 7.Nf3 Qc7 8.Bf4 Qd8
9.Bd6 Na6 10.O-O O-O 11.e4 Bxd6 12.Qxd6 Ne8 13.Qd2 Qe7 14.Rad1 d6 15.Nd4 g6
16.Rfe1 Nc5 17.h3 Ne6 18.Nf5 gxf5 19.exf5 Qf6 20.fxe6 fxe6 21.Ne4 Qf5 22.Nxd6 Nxd6
23.Qxd6 Qxf2+ 24.Kh1 Qxb2 25.Re5 Rf5 26.Rxf5 exf5 27.Qe7 Bd7 28.Rxd7 Qc1+
29.Kh2 Qh6 30.Rxb7 Rf8 31.Bxc6 f4 32.Bd5+  1-0

[Event "Paris-London"]
[Site "London"]
[Date "1994.??.??"]
[Round "3"]
[White "Duncan, Christopher R"]
[Black "Nataf, Igor Alexandre"]
[Result "0-1"]
[WhiteElo "2300"]
[BlackElo "2315"]

1.c4 e5 2.g3 Nf6 3.Bg2 g6 4.Nc3 Bg7 5.e3 O-O 6.Nge2 Nc6 7.O-O d6 8.b3 Bf5
9.e4 Be6 10.h3 Qd7 11.Kh2 Nh5 12.Bb2 f5 13.exf5 gxf5 14.Nd5 f4 15.gxf4 Nxf4
16.Nexf4 exf4 17.Rg1 Kh8 18.d4 Nd8 19.Qf3 Qf7 20.Rae1 c6 21.Nb4 Bd7 22.Bf1 Ne6
23.Nc2 Qf5 24.Rxe6 Bxe6 25.Rxg7 Kxg7 26.d5+ Kg8 27.Bd3 Qxh3+ 28.Qxh3 Bxh3
29.Kxh3 c5 30.Ne1 Kf7 31.Nf3 Ke7 32.Kg4 Rg8+ 33.Kxf4 h5 34.Bf5 Raf8 35.Ng5 h4
36.Nh3 Rg2 37.Bc3 Rh2 38.Kg4 Rxf5 39.Kxf5 Rxh3 40.Bf6+ Kf7 41.Kg4 Rd3 42.Bxh4 Rd2
43.Bg3 Rxa2 44.Bxd6 b6 45.f4 Rb2 46.Bc7 Rxb3 47.d6 Rd3 48.Kf5 Ke8 49.Ke6 Re3+
50.Kd5 Kd7 51.f5 Re8 52.f6 Re1 53.f7 Rf1 54.Bb8 a5 55.Bc7 a4 56.Bxb6 a3 57.Bxc5 a2
58.Bd4 Rxf7 59.c5 Rf5+  0-1

[Event "EUCup Gr3"]
[Site "Lubniewice"]
[Date "1994.??.??"]
[Round "2"]
[White "Smejkal, Jan"]
[Black "Czerwonski, Aleksander"]
[Result "1-0"]
[WhiteElo "2510"]
[BlackElo "2420"]

1.c4 e5 2.g3 d6 3.Bg2 Nc6 4.Nc3 f5 5.e3 Nf6 6.d4 Be7 7.d5 Nb8 8.Nge2 O-O
9.Qc2 a5 10.a3 Na6 11.Rb1 Nc5 12.b4 axb4 13.axb4 Nce4 14.Nxe4 Nxe4 15.O-O Qe8
16.f3 Nf6 17.Bd2 Qh5 18.Nc3 Bd7 19.Ra1 Qf7 20.b5 c6 21.Qb3 cxd5 22.cxd5 Rfc8
23.b6 Qe8 24.Ra7 Rab8 25.Ra5 Qd8 26.Rb1 Be8 27.Bh3 Bd7 28.f4 Kh8 29.Rf1 e4
30.Ne2 Rc5 31.Rxc5 dxc5 32.Bc3 c4 33.Qxc4 Qxb6 34.Bd4 Qb5 35.Qxb5 Bxb5 36.Rf2 Bd7
37.Be5 Rc8 38.d6 Bd8 39.Nd4 Nd5 40.Re2 Bb6 41.Bxf5 Bxd4 42.Bxd7 Rc1+ 43.Kf2 Bb6
44.Ra2  1-0

[Event "EUCup Gr3"]
[Site "Lubniewice"]
[Date "1994.??.??"]
[Round "3"]
[White "Kveinys, Aloyzas"]
[Black "Smejkal, Jan"]
[Result "1/2-1/2"]
[WhiteElo "2510"]
[BlackElo "2510"]

1.c4 e5 2.g3 Nf6 3.Bg2 d5 4.cxd5 Nxd5 5.Nc3 Nb6 6.Nf3 Nc6 7.O-O Be7 8.Rb1 f5
9.d3 Bf6 10.Bd2 O-O 11.b4 a6 12.Be3 Nd4 13.Nd2 c6 14.Nb3 Qe7 15.Nc5 Nd7 16.N3a4 Nxc5
17.bxc5 Be6 18.Bxd4 exd4 19.Rb2 Rae8 20.Qd2 Qf7 21.Rfb1 Re7 22.a3 Rfe8 23.Bf1 g5
24.Rb4 h5 25.Qb2 Ba2 26.Rxb7 Bxb1 27.Rxe7 Rxe7 28.Qxb1 Rb7 29.Nb6 h4 30.Bg2 hxg3
31.hxg3 Qe6 32.Qc2 Re7 33.Kf1 f4 34.gxf4 gxf4 35.Be4 Rg7 36.Qc4 Qxc4 37.Nxc4 Rg5
38.Bxc6 Rxc5 39.Bb7 a5 40.Kg2 Kg7 41.Kf3 Bh4 42.a4 Kf6 43.Nd2 Rc7 44.Ba6 Ke5
45.Nb3 Ra7 46.Bb5 Ra8 47.Bc6 Ra6 48.Bb5 Ra7 49.Nd2 Rc7  1/2-1/2

[Event "SWZ-ch int"]
[Site "Luzern"]
[Date "1994.??.??"]
[Round "11"]
[White "Wirthensohn, Heinz"]
[Black "Landenbergue, Claude"]
[Result "1/2-1/2"]
[WhiteElo "2420"]
[BlackElo "2450"]

1.c4 e5 2.g3 f5 3.Bg2 Nc6 4.Nc3 Nf6 5.d3 Bb4 6.Bd2 d6 7.a3 Bxc3 8.Bxc3 O-O
9.Qd2 Qe8 10.f4 Bd7 11.Nh3 Nd4 12.fxe5 dxe5 13.Bxd4 exd4 14.Bxb7 Rb8 15.Bf3 Ng4
16.Bxg4 fxg4 17.Nf4 Qe5 18.O-O Bc6 19.b4  1/2-1/2

[Event "EUCup f"]
[Site "Lyon"]
[Date "1994.??.??"]
[Round "?"]
[White "Serper, Grigory"]
[Black "Finkel, Alexander"]
[Result "1/2-1/2"]
[WhiteElo "2575"]
[BlackElo "2465"]

1.c4 e5 2.g3 Nc6 3.Bg2 d6 4.Nc3 g6 5.e3 Bg7 6.Nge2 h5 7.d4 h4 8.d5 Nce7 9.e4 Bg4
10.Qd3 Nf6 11.Bg5 h3 12.Bf3 Qd7 13.O-O Bxf3 14.Qxf3 Nh7 15.Bd2 a6 16.b4 f5
17.exf5 O-O 18.Rae1 b5 19.cxb5  1/2-1/2

[Event "EUCup f"]
[Site "Lyon"]
[Date "1994.??.??"]
[Round "?"]
[White "Serper, Grigory"]
[Black "Zagorskis, Darius"]
[Result "1/2-1/2"]
[WhiteElo "2575"]
[BlackElo "2485"]

1.c4 e5 2.g3 c6 3.d4 exd4 4.Qxd4 d5 5.Bg2 Nf6 6.Nf3 Be6 7.Ng5 Qd7 8.Nxe6 Qxe6
9.O-O dxc4 10.Nd2 Nbd7 11.Qxc4 Qxc4 12.Nxc4 Nb6 13.Nxb6 axb6 14.Be3 Bc5 15.Bxc5 bxc5
16.Rfc1 Ra5 17.Rc3 Kd7 18.a3 Rb5 19.Rc2 Rd8 20.Rd1+ Ke7 21.Rxd8 Kxd8 22.e3 Nd7
23.Bf1 Ra5 24.Bd3 g6 25.Rc3 b5 26.b4 cxb4 27.axb4 Ra7 28.Kg2 Nb8 29.h4 Ra4
30.Rxc6 Nxc6 31.Bxb5 Rxb4 32.Bxc6 Ke7 33.Bd5 f6 34.f4 Ra4 35.Kf3 Ra3 36.Bg8 h6
37.Bd5 Kd6 38.Bf7 g5 39.hxg5 fxg5 40.Be8 Ke7 41.Bh5 Kf6  1/2-1/2

[Event "Mar del Plata op"]
[Site "Mar del Plata"]
[Date "1994.??.??"]
[Round "4"]
[White "Iglesias, Alejandro"]
[Black "Vasta, Eduardo"]
[Result "1-0"]
[WhiteElo "2205"]
[BlackElo "2400"]

1.c4 e5 2.g3 Nf6 3.Bg2 Bc5 4.Nc3 Nc6 5.a3 d6 6.d3 O-O 7.Nf3 h6 8.O-O Be6
9.b4 Bb6 10.Bb2 e4 11.Nxe4 Nxe4 12.dxe4 Bxc4 13.Qc2 Be6 14.Rad1 Qe8 15.e3 f6
16.Nd4 Bg4 17.Rc1 Bd7 18.Rfe1 a5 19.b5 Nd8 20.a4 Rc8 21.Qd2 Ra8 22.Ba3 Ne6
23.Nb3 Ng5 24.h4 Nxe4 25.Qd5+ Be6 26.Qxe4 Bxb3 27.Qb1 Qf7 28.Bxb7 Rab8 29.Bc6 f5
30.Rc3 Be6 31.Qd3 Kh8 32.Bg2 Rbd8 33.Kh1 Bd7 34.Rcc1 Qh5 35.Bb2 Be6 36.Red1 Qg4
37.Qc2 Rf7 38.Bd4 Bxd4 39.Rxd4 Qh5 40.Qd2 Rdf8 41.Qxa5 g5 42.Qxc7 f4 43.gxf4 gxh4
44.Qc3 Rg7 45.Rd3 Bf5  1-0

[Event "Maromme op"]
[Site "Maromme"]
[Date "1994.??.??"]
[Round "?"]
[White "Spiridonov, Nikola"]
[Black "Pytel, Krzysztof"]
[Result "0-1"]
[WhiteElo "2435"]
[BlackElo "2445"]

1.c4 e5 2.g3 c6 3.Nf3 e4 4.Nd4 d5 5.cxd5 Qxd5 6.e3 Nf6 7.Nc3 Qe5 8.d3 Bb4
9.Bd2 exd3 10.Bxd3 O-O 11.a3 Bc5 12.Nb3 Bb6 13.O-O Bg4 14.Be2 Bh3 15.Re1 Nbd7
16.Bf3 Rfe8 17.Ne2 Qe7 18.Nf4 Bf5 19.Bb4 c5 20.Bc3 Ne5 21.Bxe5 Qxe5 22.Qc1 g5
23.Ne2 Be6 24.Nd2 Ba5 25.Nc3 Rab8 26.e4 b5 27.Be2 g4 28.Bf1 c4 29.Re3 Bb6
30.Re2 Bd4 31.Qc2 Nd7 32.Kg2 Nc5 33.f4 Qd6 34.Rd1 Nd3 35.Ndb1 f5 36.h4 fxe4  0-1

[Event "Wch U20 Girls"]
[Site "Matinhos"]
[Date "1994.??.??"]
[Round "?"]
[White "Guzkowska, Magdalena"]
[Black "Repkova Eid, Eva"]
[Result "1/2-1/2"]
[WhiteElo "2105"]
[BlackElo "2295"]

1.c4 e5 2.g3 g6 3.Bg2 Bg7 4.Nc3 d6 5.e3 c5 6.Nge2 Nc6 7.O-O Nge7 8.d3 O-O
9.a3 Bg4 10.h3 Be6 11.Nd5 Qd7 12.Kh2 f5 13.f4 Rf7 14.Rb1 Re8 15.b4 b6 16.Bd2 h6
17.b5 Nd8 18.Nec3 Kh7 19.a4 e4 20.dxe4 fxe4 21.g4 Ng8 22.Nxe4 Bxd5 23.cxd5 Rfe7
24.Qc2 Nf7 25.Ng3 Nf6 26.Nh5 Bh8 27.Nxf6+ Bxf6 28.e4 Kg8 29.e5 dxe5 30.Qxg6+ Bg7
31.f5 e4 32.f6 Qd6+ 33.Kh1 Nh8 34.Qf5 Rf7 35.Bxe4 Bxf6 36.Bf4 Be5 37.Bxe5 Rxe5
38.Qc8+ Kg7 39.Rxf7+ Nxf7 40.Bg2 Rxd5 41.Bxd5 Qxd5+ 42.Kg1 Qd4+ 43.Kh2 Qf4+
44.Kg1 Qg3+ 45.Kh1 Qxh3+ 46.Kg1 Qe3+ 47.Kh2 Qf4+ 48.Kg1 Qxa4 49.Qd7 a5 50.Rf1 Qb3
51.Qc7 Qe3+ 52.Rf2 Qe1+ 53.Rf1 Qe3+  1/2-1/2

[Event "BLR-ch"]
[Site "Minsk"]
[Date "1994.??.??"]
[Round "3"]
[White "Rustemov, Alexander"]
[Black "Korzubov, Peter"]
[Result "1/2-1/2"]
[WhiteElo "2435"]
[BlackElo "2455"]

1.c4 e5 2.g3 d6 3.Bg2 f5 4.d4 e4 5.Nc3 Nf6 6.f3 exf3 7.Nxf3 Be7 8.O-O O-O
9.Bg5 c6 10.Qd3 Na6 11.a3 Nc7 12.d5 c5 13.Rae1 Bd7 14.Nh4 Ng4 15.Bxe7  1/2-1/2

[Event "Minsk op"]
[Site "Minsk"]
[Date "1994.??.??"]
[Round "9"]
[White "Shurygin, Sergey"]
[Black "Daniliuk, Sergey"]
[Result "0-1"]
[WhiteElo "2335"]
[BlackElo "2440"]

1.c4 e5 2.g3 Nf6 3.Nc3 d5 4.cxd5 Nxd5 5.Bg2 Nb6 6.Nf3 Nc6 7.O-O Be7 8.Rb1 O-O
9.b4 Bf5 10.b5 Nd4 11.d3 Qd6 12.Nxd4 exd4 13.Ne4 Qe6 14.Qc2 Rac8 15.Nc5 Bxc5
16.Qxc5 Nd7 17.Qxd4 Qxe2 18.Rb2 Qxd3 19.Qxd3 Bxd3 20.Rd1 Bf5 21.Bxb7 Rb8
22.Bd5 Ne5 23.f3 Rfd8 24.Rbd2 Rxb5 25.f4 Be6 26.Bg2 Rxd2 27.Rxd2 Nd7 28.Kf2 g6
29.Bb2 Rb6 30.Bd4 Ra6 31.Bb7 Rd6 32.a4 Nc5 33.Bxc5 Rxd2+ 34.Ke3 Rxh2 35.a5 Ra2  0-1

[Event "Mlada Boleslav op"]
[Site "Mlada Boleslav"]
[Date "1994.??.??"]
[Round "3"]
[White "Tabatadze, Tamaz"]
[Black "Landa, Konstantin"]
[Result "1/2-1/2"]
[WhiteElo "2390"]
[BlackElo "2510"]

1.c4 e5 2.g3 Nc6 3.Bg2 f5 4.Nc3 Nf6 5.d3 Bb4 6.a3 Bxc3+ 7.bxc3 d6 8.Nh3 O-O
9.O-O Qe8 10.d4 Qh5 11.f3 Kh8 12.Nf2 Qf7 13.Qd3 Na5 14.c5 Be6 15.Rb1 b6 16.cxd6 cxd6
17.Re1 Rac8 18.Nd1 e4 19.Qc2 Bb3 20.Qb2 Bxd1 21.Rxd1 Nd5 22.Bd2 Nc4 23.Qa1 e3
24.Be1 g5 25.Rb5 a6 26.Rb3 Qe6 27.Qb1 f4 28.Qe4 Rce8 29.Qd3 Qc8 30.Rdb1 Rf6
31.a4 Qc6 32.Bh3 Qxa4 33.Rb4 Nxb4 34.Qxc4 d5 35.Qxb4 Qxb4 36.cxb4 Rf7 37.Ra1 Rc7
38.Rxa6 Rc1 39.Kf1 h5 40.gxf4 gxf4 41.Ra7 Rf8 42.Be6 Rf6 43.Ra8+ Kg7 44.Rg8+ Kh7
45.Bxd5 Rd6 46.Rg5 h4 47.Be4+ Kh6 48.Rg4 h3 49.Rh4+ Kg5 50.Rg4+ Kh6 51.Rh4+ Kg5
52.Rg4+ Kh6  1/2-1/2

[Event "Mlada Boleslav op"]
[Site "Mlada Boleslav"]
[Date "1994.??.??"]
[Round "4"]
[White "Kacheishvili, Giorgi"]
[Black "Epishin, Vladimir"]
[Result "1/2-1/2"]
[WhiteElo "2420"]
[BlackElo "2650"]

1.c4 e5 2.g3 Nf6 3.Bg2 Nc6 4.Nc3 Bb4 5.Nd5 Bc5 6.e3 O-O 7.Ne2 d6 8.O-O Bb6
9.Nec3 Nxd5 10.Nxd5 Ne7 11.Nxb6 axb6 12.d4 exd4 13.Qxd4 Nc6 14.Qc3 Qe8 15.b3 f6
16.Qd2 Kh8 17.Bb2 Qh5 18.Bc3 Bh3 19.Qd5 Qh6 20.a4 Bxg2 21.Kxg2 Qg6 22.b4 Rae8
23.b5 Nd8 24.a5 bxa5 25.Rxa5 Qc2 26.Bd4 Ne6 27.Rfa1  1/2-1/2

[Event "Mlada Boleslav op"]
[Site "Mlada Boleslav"]
[Date "1994.??.??"]
[Round "5"]
[White "Tabatadze, Tamaz"]
[Black "Bagaturov, Giorgi"]
[Result "1-0"]
[WhiteElo "2390"]
[BlackElo "2500"]

1.c4 e5 2.g3 d6 3.Bg2 g6 4.d4 Nd7 5.Nf3 Bg7 6.Nc3 Ngf6 7.O-O O-O 8.Rb1 Re8
9.dxe5 dxe5 10.b4 Nb6 11.c5 Nbd5 12.Nxd5 Qxd5 13.Bb2 Qxa2 14.Bxe5 Bg4 15.Rb2 Qe6
16.Bc3 Qc4 17.Qc1 Be6 18.Nd2 Qb5 19.Re1 Rad8 20.e4 Qd7 21.Qa1 a6 22.Nb3 Qe7
23.Na5 Bc8 24.Rbe2 Qe6 25.Bxf6 Bxf6 26.e5 Bg7 27.Nxb7 Rd5 28.Bxd5 Qxd5 29.Na5 Bg4
30.Re4 Bf3 31.Rd4 Qe6 32.Qc3  1-0

[Event "Mlada Boleslav op"]
[Site "Mlada Boleslav"]
[Date "1994.??.??"]
[Round "6"]
[White "Tabatadze, Tamaz"]
[Black "Smejkal, Jan"]
[Result "0-1"]
[WhiteElo "2390"]
[BlackElo "2510"]

1.c4 e5 2.g3 Nf6 3.Bg2 d5 4.cxd5 Nxd5 5.Nc3 Nb6 6.Nf3 Nc6 7.O-O Be7 8.Rb1 f5
9.b4 e4 10.Ne1 Bxb4 11.Bb2 Nc4 12.d3 Nxb2 13.Qb3 Bxc3 14.Qxc3 Na4 15.Qxg7 Qd4
16.Qg5 Ne5 17.dxe4 Nf7 18.Qh5 Nc3 19.Rb3 Nxe4 20.g4 Nf6 21.Qh4 Nxg4 22.h3 Qf6
23.Qh5 Ne5 24.f4 Ng6 25.e4 Nh4 26.exf5 Nxf5 27.Qe2+ Kf8 28.Nc2 Rg8 29.Kh2 Be6
30.Rxb7 Ng3 31.Qf2 Nxf1+ 32.Qxf1 Rd8 33.Ne3 Rd4 34.f5 Qe5+ 35.Kh1 Rxg2 36.Qxg2 Rd1+  0-1

[Event "Mlada Boleslav op"]
[Site "Mlada Boleslav"]
[Date "1994.??.??"]
[Round "7"]
[White "Kacheishvili, Giorgi"]
[Black "Landa, Konstantin"]
[Result "1/2-1/2"]
[WhiteElo "2420"]
[BlackElo "2510"]

1.c4 e5 2.g3 Nc6 3.Bg2 f5 4.Nc3 Nf6 5.Rb1 Bb4 6.Nd5 Nxd5 7.cxd5 Ne7 8.Qb3 Bd6
9.Nf3 e4 10.Ng5 h6 11.Nh3 c6 12.dxc6 bxc6 13.O-O Qb6 14.Qc3 O-O 15.d3 Bb4
16.Qc2 d5 17.Be3 Qc7 18.f3 exd3 19.exd3 Re8 20.Nf4 Qd6 21.a3 Ba5 22.Qf2 Ng6
23.Bc5 Qf6 24.Bd4 Bb6 25.Bxf6 Bxf2+ 26.Kxf2 Nxf4 27.gxf4 gxf6 28.Rfe1 Bd7
29.d4 Kf7 30.Rxe8 Rxe8 31.Bf1 Rb8 32.Bd3 Rb3 33.Bc2 Rb6 34.b4 a5 35.Bd3 axb4
36.Rxb4 Rxb4 37.axb4  1/2-1/2

[Event "Amber-rapid 3rd"]
[Site "Monte Carlo"]
[Date "1994.??.??"]
[Round "7"]
[White "Kortschnoj, Viktor"]
[Black "Karpov, Anatoly"]
[Result "1/2-1/2"]
[WhiteElo "2615"]
[BlackElo "2740"]

1.c4 e5 2.g3 Nc6 3.Bg2 Nf6 4.Nf3 d5 5.cxd5 Nxd5 6.O-O Be7 7.Nc3 Nb6 8.d3 O-O
9.a3 Re8 10.b4 Nd4 11.Nd2 c6 12.e3 Ne6 13.Qc2 Nc7 14.Bb2 a5 15.bxa5 Rxa5
16.Nb3 Ra8 17.a4 Bf5 18.e4 Be6 19.a5 Nd7 20.Rfd1 Na6 21.Ne2 Nb4 22.Qc3 c5
23.f4 f6 24.fxe5 fxe5 25.Nf4 Bf7 26.Nd5 Nxd5 27.exd5 Nf6 28.Qxe5 Bxd5 29.Bxd5+ Qxd5
30.Qxd5+ Nxd5 31.Re1 Nb4 32.Rad1 Rad8 33.Nc1 Bg5 34.Rxe8+ Rxe8 35.Kf1 Nc2
36.Kg1 h5 37.Bc3 Be3+ 38.Kh1 Rd8 39.Ne2 g5 40.h4 g4 41.Rb1 Rf8 42.Nf4 Bxf4
43.gxf4 Rxf4 44.Rxb7 Ra4 45.Rb5 Nb4 46.d4 Na2 47.Bd2 cxd4 48.Rxh5 Nc3 49.Rg5+ Kf7
50.Rxg4 Ra1+ 51.Kg2 Ra2 52.Rxd4 Nb1 53.Rf4+ Kg6 54.Rf2 Nxd2 55.a6  1/2-1/2

[Event "Montevideo"]
[Site "Montevideo"]
[Date "1994.??.??"]
[Round "1"]
[White "Adla, Diego"]
[Black "Soppe, Guillermo"]
[Result "1/2-1/2"]
[WhiteElo "2415"]
[BlackElo "2430"]

1.c4 e5 2.g3 Nf6 3.Bg2 c6 4.d4 exd4 5.Qxd4 d5 6.cxd5 cxd5 7.Nf3 Be7 8.O-O Nc6
9.Qd1 O-O 10.Nbd2 Re8 11.Nb3 Bg4 12.Be3  1/2-1/2